| 000 | 00998nam1a22003011i 4500 | ||
|---|---|---|---|
| 001 | RU\INFOCOMM_327\NLR\5000047983 | ||
| 005 | 20240725032856.0 | ||
| 035 | _a(NLR Aleph) 010648837 | ||
| 090 |
_a10696879 _c10696879 |
||
| 100 | _a20130304d1955 |||y0rusy50 ba | ||
| 101 | 0 | _afre | |
| 102 | _aRU | ||
| 105 | _ay z|||| | ||
| 200 | 1 |
_aPetit guide _fMusée national russe |
|
| 210 |
_aM. _cEd. en langues étrangères _d1955 |
||
| 215 | _d16 см | ||
| 300 | _aНа обороте тит. л. сост.: N. Porfiridov, G. Presnov, L. Pouchnikova e. a. | ||
| 601 | 0 | 2 |
_aРусский музей _cЛенинград _jПутеводители _2nlr_sh1 |
| 606 | 0 |
_aИскусство, русское _2nlr_sh1 |
|
| 620 | _aМосква | ||
| 686 |
_aИс-2-360 _2rubbk |
||
| 686 |
_aИс-2-728 _2rubbk |
||
| 702 | 1 |
_aPorfiridov _bN. _4220 |
|
| 710 | 0 | 2 |
_aMusée russe _cLéningrad _4070 |
| 801 | 1 |
_aRU _bInfocomm _c20130304 |
|
| 801 | 0 |
_aRU _bINFOCOMM _gPSBO |
|
| 852 |
_aNLR _jИс31 Г-1/7 |
||
| 942 | _cBOOK | ||